A Guide to the Use of Comparables in Rent Reviews (Record no. 121974)

MARC details
000 -LEADER
fixed length control field 01429nam a22002417a 4500
008 - FIXED-LENGTH DATA ELEMENTS--GENERAL INFORMATION
fixed length control field 240723t2024 stk|||||o||||s00| 0 eng d
041 ## - LANGUAGE CODE
Language code of text/sound track or separate title eng
110 ## - MAIN ENTRY--CORPORATE NAME
Corporate author Scottish Land Commission
245 ## - TITLE STATEMENT
Title A Guide to the Use of Comparables in Rent Reviews
Medium [online publication]
260 ## - PUBLICATION INFORMATION
Publisher Scottish Land Commission,
Date July 2024
300 ## - PHYSICAL DESCRIPTION
Physical description 8p.
520 ## - ABSTRACT
Abstract Issued by: Bob McIntosh, Tenant Farming Commissioner. This guidance responds to the increase in cases involving landlord tenant disputes over the use of comparables in rent reviews, aiming to enhance understanding and procedures when using comparable holdings in rent reviews for agricultural tenancies. The guidance provides clear methodologies and detailed steps for using information from comparable holdings when conducting reviews including how the approach should be applied for 1991 Act tenancies, limited duration tenancies, and modern limited duration tenancies.
650 ## - KEYWORDS
Keywords AGRICULTURAL HOLDINGS (SCOTLAND) ACT 1991
650 ## - KEYWORDS
Keywords AGRICULTURAL TENANCIES
650 ## - KEYWORDS
Keywords COMPARABLES
650 ## - KEYWORDS
Keywords FARM TENANCIES
650 ## - KEYWORDS
Keywords LIMITED DURATION TENANCIES
650 ## - KEYWORDS
Keywords RENT REVIEWS
651 ## - SUBJECT ADDED ENTRY--GEOGRAPHIC NAME
Geographic name Scotland
690 ## - BROAD SUBJECT
Broad subject Landlord and tenant
9 (RLIN) 6252
856 ## - ONLINE RESOURCE
Uniform Resource Identifier <a href="https://www.landcommission.gov.scot/downloads/669e15ba26f63_A%20Guide%20to%20the%20Use%20of%20Comparables%20in%20Rent%20Reviews.pdf">https://www.landcommission.gov.scot/downloads/669e15ba26f63_A%20Guide%20to%20the%20Use%20of%20Comparables%20in%20Rent%20Reviews.pdf</a>
Public note Available from Scottish Land Commission
942 ## - ADDED ENTRY ELEMENTS (KOHA)
Suppress in OPAC Do not suppress in OPAC
Holdings
Lost status Damaged status Not for loan Home library Current library Shelving location Date acquired Total Checkouts Date last seen Price effective from Koha item type
      Virtual Virtual Online 23/07/2024   23/07/2024 23/07/2024 Online material